000 00645nam a2200241Ia 4500
003 OSt
005 20221007082341.0
006 a|||||r|||| 00| 0
007 ta
008 221006b |||||||| |||| 00| 0 eng d
024 _a17,204
037 _cTextual
040 _aFLL
_cFLL
_beng
041 _2eng
_aeng
082 _aXM55:8:Z2rN56, L5
110 _aGovt. of india
245 0 _aEighteenth annual report on the working and administration of the compaines act, 1956
260 _c1975
300 _a138p
_ccm.
700 _aGovt. of india
942 _hXM55:8:Z2rN56, L5
_cTEXL
_2CC
999 _c1166154
_d1166154